000 00643nam a2200253Ia 4500
003 OSt
005 20221007112805.0
006 a|||||r|||| 00| 0
007 ta
008 221006b |||||||| |||| 00| 0 eng d
020 _a817494009X
024 _a29,385
037 _cTextual
040 _aLCO
_cLCO
_beng
041 _2eng
_aeng
082 _aZ2,91, K2
100 _aBodenheimer Edgar
_9133483
245 0 _aJurisprudence
260 _aLondon
_bHarvard University Press India
_c1962
300 _a463
650 _aJURISPRUDENCE
942 _hZ2,91, K2
_cTEXL
999 _c1198948
_d1198948